Logo BPK

Biblioteka

Politechniki Koszalińskiej

Melioracje : (Rekord nr 5155)

Szczegóły MARC
000 -ETYKIETA REKORDU
podpole kontrolne o stałej długości 00676nam a2200217 i 4500
001 - NUMER KONTROLNY REKORDU
pole kontrolne bg
020 ## - MIĘDZYNARODOWY ZNORMALIZOWANY NUMER KSIĄŻKI - ISBN
ISBN 8309906098
040 ## - ŹRÓDŁO KATALOGOWANIA
Instytucja, która utworzyła rekord BPK
041 ## - KOD JĘZYKA
Kod języka tekstu pol
080 ## - UNIWERSALNA KLASYFIKACJA DZIESIĘTNA - UKD
UKD 631.6:626.8](075.3)
920 ## - Międzynarodowy znormalizowany numer książki – ISBN
ISBN 83-09-90609-8
008 - POLE O STAŁEJ DŁUGOŚCI - DANE KONTROLNE
podpole kontrolne o stałej długości s pl f |000 0 pol
100 1# - NAZWA OSOBOWA
Nazwa osobowa GRZYB, Hieronim
245 #0 - TYTUŁ/ODPOWIEDZIALNOŚĆ
Tytuł Melioracje :
Ciąg dalszy tytułu podręcznik dla techników melioracji wodnych i policealnych studiów zawodowych /
Pozostałe elementy strefy tytułu i oznaczenia odpowiedzialności H. Grzyb, J. Kocan, Z. Rytel.
250 ## - STREFA WYDANIA
Oznaczenie wydania Wyd.3.
260 ## - STREFA ADRESU WYDAWNICZEGO
Miejsce wydania Warszawa,
Data publikacji, dystrybucji/powstania dokumentu 1985
Miejsce wydania Państ. Wydawnictwa Rolnicze i Leśne.
300 ## - STREFA OPISU FIZYCZNEGO
Objętość 626, [2] s., [2] k.tabl. :
Inne cechy fizyczne il., mapy, wykr. ;
Rozmiary 24 cm.
700 1# - HASŁO DODATKOWE - NAZWA OSOBOWA
Nazwa osobowa KOCAN, Tomasz
700 1# - HASŁO DODATKOWE - NAZWA OSOBOWA
Nazwa osobowa RYTEL, Zygmunt
856 ## - LOKALIZACJA I DOSTĘP DO ELEKTRONICZNYCH DOKUMENTÓW ZDALNYCH
Link (URL) http://koha.tu.koszalin.pl/cgi-bin/koha/opac-detail.pl?biblionumber=5155
Tekst linku Katalog online BPK
942 ## - DODATKOWE ELEMENTY (KOHA)
Typ dokumentu Książka
Egzemplarze
Wycofany Status egzemplarza Uszkodzony Dostępność Lokalizacja stała Lokalizacja bieżąca Miejsce przechowywania Sygnatura Kod kreskowy Ostatnio wypożyczono Typ dokumentu
      Dostępny Biblioteka Politechniki Koszalińskiej Biblioteka Politechniki Koszalińskiej Wypożyczalnia BG P 43506 01356007 13.01.2015 Książka
© 2023 Biblioteka Politechniki Koszalińskiej :: KOHA